000 01345nam a22003737a 4500
003 CHAP
005 20220329133933.0
008 971013s1943 r 00010 d
010 _a12915
011 _a13887
035 _a17959
040 _cCHAP
082 _a632
_bH43
100 0 0 _aHeald, Frederick Deforest.
_953240
245 _aIntroduction to plant pathology
250 _a2 ed.
260 _aNew York :
_bMcgraw-Hill,
_c1943
300 _a603 p.
_b: ilus.
590 _aBATCH-UPD
_b10
_c20130110
_lUCH01
_h2008
590 _aBATCH-UPD
_b10
_c20130410
_lUCH01
_h1328
590 _aBATCH-UPD
_b10
_c20130914
_lUCH01
_h1413
590 _aCONVERSION
_b10
_c20130109
_lUCH01
_h1308
650 1 4 _aFitopatología.
_941161
901 _aBK
942 _cLIBRO
949 _a632 H43
_bBC
_cLIBRO
_d-42029
_eLIBRO
_fc.3
_h22402
_i17959
_si
949 _a632 H43
_bBC
_cLIBRO
_d-42030
_eLIBRO
_fc.5
_h22404
_i17959
_si
949 _a632 H43
_bBC
_cLIBRO
_d-42031
_eLIBRO
_fc.4
_h22403
_i17959
_si
949 _a632 H43
_bBC
_cLIBRO
_d-42032
_eLIBRO
_fc.6
_h22405
_i17959
_si
949 _a632 H43
_bBC
_cLIBRO
_d-42033
_eLIBRO
_fc.7
_h22406
_i17959
_si
949 _a632 H43
_bBC
_cLIBRO
_d-42034
_eLIBRO
_fc.8
_h22407
_i17959
_si
949 _a632 H43
_bBC
_cLIBRO
_d33724000174918
_eLIBRO
_h22400
_i17959
_si
949 _a632 H43
_bBC
_cLIBRO
_d33724000174926
_eLIBRO
_fc.2
_h22401
_i17959
_si
999 _c12915
_d12915